000 00630nam a2200193 a 4500
001 000033863
005 20200930070559.0
008 110913s2001 es 000 0 spa d
020 _a8474328977
040 _aDO-SdBNP
_bspa
_cBNPHU
245 0 3 _aLa sociedad hispano medieval II :
_bsus estructuras /
_cMa. del C. Carlé... [et. al].
260 _aBarcelona :
_bGedisa,
_c2001.
300 _a90 p. ;
_c22 cm.
490 1 _aCla de ma Historia
500 _aIncluye referencias bibliográficas y notas al pie de las páginas
700 1 _aCarlé, María del Carmen
_959284
830 0 _aCla de ma Historia
_959285
049 _aBNPD
999 _c33354
_d33354